00491nam a2200193 a 4500001001300000003000900013005001700022008004100039020001000080082001500090100001800105245002100123260003500144300000900179500003500188505003100223650002500254700001800279nice12345678IN_TiNIC20260116011410.0050524s1876 luca grp 000 0 per  ac10000a297.5bWAI aWaiz, Hussain aAkhlaq-I-Mohsini aLucknow bNaval Kishore c1876 a160p aincludes index and biblioraphy2 a4 Volume Bound in One Book aIslam-Moral Theology1 aWaiz, Hussain